000 00291 a2200121 4500
000 nam a22 7a 4500
005 20260204180206.0
100 _aKeller, Edward A.
_91113746
245 _aIntroduction to Environmental Geology
250 _a5
260 _bPearson
_c2025
942 _cTEXL
999 _c1678678
_d1678678